Najgorsze Drużyny w Lidze Mistrzów UEFA - Statystyki

Ogólne statystyki
  • Ten quiz został rozwiązany 39 razy
  • Średni wynik to 17 z 32
Statystyki odpowiedzi
Sezon Kraj Bilans Bramki Klub % Poprawnych
2017/18 Portugalia 0-0-6 1:14 Benfica
88%
2022/23 Szkocja 0-0-6 2:22 Rangers
88%
2023/24 Serbia 0-1-5 7:15 Crvena Zvezda
81%
2016/17 Chorwacja 0-0-6 0:14 Dinamo Zagrzeb
78%
2011/12 Chorwacja 0-0-6 3:22 Dinamo Zagrzeb
78%
2004/05 Belgia 0-0-6 4:17 Anderlecht
72%
2021/22 Turcja 0-0-6 3:19 Besiktas
72%
2020/21 Węgry 0-1-5 5:17 Ferencvaros
72%
2014/15 Turcja 0-1-5 4:19 Galatasaray
72%
1993/94 Turcja 0-2-4 1:10 Galatasaray
72%
2019/20 Belgia 0-1-5 5:20 Genk
69%
2018/19 Grecja 0-0-6 2:13 AEK Ateny
66%
2003/04 Grecja 0-0-6 1:11 AEK Ateny
66%
1994/95 Grecja 0-2-4 3:9 AEK Ateny
66%
2000/01 Portugalia 0-2-4 5:15 Sporting
63%
2007/08 Ukraina 0-0-6 4:19 Dynamo Kijów
59%
2015/16 Izrael 0-0-6 1:16 Maccabi Tel Awiw
53%
2008/09 Szwajcaria 0-1-5 2:16 Basel
50%
2001/02 Turcja 0-0-6 3:12 Fenerbahce
50%
2013/14 Francja 0-0-6 5:14 Olympique Marsylia
50%
1992/93 Holandia 0-1-5 4:13 PSV
50%
2005/06 Austria 0-0-6 3:15 Rapid Wiedeń
50%
1996/97 Austria 0-2-4 2:12 Rapid Wiedeń
50%
2002/03 Rosja 0-0-6 1:18 Spartak Moskwa
47%
1999/00 Szwecja 0-1-5 4:16 AIK
25%
1995/96 Szwajcaria 0-2-4 3:13 Grasshopper
25%
1998/99 Austria 0-1-5 2:16 Sturm Graz
25%
2009/10 Węgry 0-0-6 5:19 Debrecen
19%
2006/07 Bułgaria 0-0-6 1:17 Lewski Sofia
19%
2010/11 Słowacja 0-0-6 3:19 Zilina
19%
1997/98 Słowacja 0-0-6 2:13 Kosice
9%
2012/13 Dania 0-1-5 4:22 Nordsjaelland
9%
Nie znaleziono quizów pasujących do podanych kryteriów
Rozkład punktacji
Procent ludzi z każdym wynikiem
Percentyl według liczby udzielonych odpowiedzi
Twoja historia wyników
Nie rozwiązałeś tego quizu